Where wizards Stay up Late : The Origins of the Internet

Spremljeno u:
Bibliografski detalji
Glavni autor: Hafner, Katie
Format: Knjiga
Jezik:Undetermined
Izdano: New York Simon and Schuster 1996
Teme:
Oznake: Dodaj oznaku
Bez oznaka, Budi prvi tko označuje ovaj zapis!
Thư viện lưu trữ: Trung tâm Học liệu Trường Đại học Cần Thơ
LEADER 00520nam a2200193Ia 4500
001 CTU_85245
008 210402s9999 xx 000 0 und d
082 |a 004.6 
082 |b H138 
100 |a Hafner, Katie 
245 0 |a Where wizards Stay up Late : 
245 4 |b The Origins of the Internet 
245 0 |c Katie Hafner and Matthew Lyon 
260 |a New York 
260 |b Simon and Schuster 
260 |c 1996 
650 |a Internet 
904 |i Năm 
980 |a Trung tâm Học liệu Trường Đại học Cần Thơ